000 01210nam a2200385 a 4500
005 20191224041619.0
008 140303b1999 nyu||||| |||| 00| 0 eng d
020 _a0893274275
040 _aCO-BoIAVH
_cCO-BoIAVH
041 0 _aeng
044 _axxu
082 0 4 _a581.7
_bJ27p
090 _aLB
_b01790
100 1 _aLuteyn, James L.
245 1 0 _aPáramos
_ba checklist of plant diversity, geographical distribution, and botanical literature
260 _aNueva York:
_bNew York Botanical Garden,
_c1999.
300 _a278 páginas :
_bmapas, ilustraciones ;
_c26 x 18 cm.
650 6 _aPáramo
650 6 _aBiodiversidad
650 6 _aDistribución geográfica
650 6 _aVegetación
650 6 _aFlora
650 6 _aInventarios
650 6 _aLíquenes
650 6 _aMusgos
650 6 _aHepáticas
650 6 _aGimnospermas
650 6 _aAngiospermas
700 1 _aChurchill, Steven P.
700 1 _aGriffin III. Dana
700 1 _aSipman, Harrie J. M.
700 1 _aGavilanes A., Mauricio R.
700 1 _aGradstein, S. Robbert
942 _cLIBRO
_2ddc
_01
999 _c1959
_d1959